Visualizzazione normale
Vista MARC
- Verdone Mario
di Personal Name
Records bibliografici associati: 1
001 - CONTROL NUMBER
- control field: 38364
003 - CONTROL NUMBER IDENTIFIER
- control field: IT-RoPau
005 - DATE AND TIME OF LATEST TRANSACTION
- control field: 20151125215648.0
008 - FIXED-LENGTH DATA ELEMENTS
- fixed length control field: 151125|| aca||aabn | a|a d
040 ## - CATALOGING SOURCE
- Original cataloging agency: IT-RoPau
- Transcribing agency: IT-RoPau
100 ## - HEADING--PERSONAL NAME
- Personal name: Verdone Mario
- Relator term: (soggetto)
- Miscellaneous information: Codice Soggetto 2° SPICS: 86
670 ## - SOURCE DATA FOUND
- Source citation: Work cat.: (IT-RoPau)104911: Scaparro Maurizio Codice regista SPICS: 1708 38358, VARIETA' VARIETA' (Rif. Codice opera principale : 41596)